000 01340nam a2200229Ia 4500
003 Ost
005 20260416102357.0
008 260416s9999||||xx |||||||||||||| ||und||
040 _cfsecg
041 _aara
082 _a330
100 _aسايح، فريد
_eمؤلف
245 0 _aمحاضرات وتمارين في مقياس التحليل المالي :
_bمطبوعة علمية مقدمة لطلبة السنة الثالثة ليسانس محاسبة و مالية /
_c فريد سايح
260 _aالجزائر
_bجامعة الجزائر3: كلية العلوم الإقتصادية، العلوم التجارية وعلوم التسيير
_c2022
300 _a108 ورقة
_bايض
_c30 سم
504 _aمراجع ص.108
520 _aمدخل للتحليل المالي، تحليل الهيكلة المالية و النشاط، تحليل المردودية و الرافعة المالية، تحليل التدفقات المالية.
653 _aالاموال
653 _aالتحليل المالي
710 _aجامعة الجزائر3: كلية العلوم الإقتصادية، العلوم التجارية وعلوم التسيير
_eناشر علمي
942 _cHANDOUT
999 _c41277
_d41277